Responses for show #4415 - Friday, November 14, 2003

2003 College Championship quarterfinal game 5.
From Yale University.

Contestants

[<< previous game]

Amanda Johnson, a sophomore at the University of Chicago from Cincinnati, Ohio

Grant Hutchinson, a freshman at the University of West Florida from Pensacola, Florida

Heather Groggel, a junior at Concordia University Wisconsin from Oxford, Ohio

[next game >>]

Jeopardy! Round responses

HISTORIC QUOTES
COLLEGE MOVIES
FARAWAY PLACES
HERE'S A 20
SIGNS OF THE ZODIAC
THE "IV" LEAGUE
    $200 2
Copernicus

Grant
    $200 1
Groucho Marx

Amanda
    $200 19
Wales

Amanda
    $200 16
(Grant: What is silver?)

gold

HeatherGrant
    $200 30
Aquarius

Amanda
    $200 8
a hive

Heather
    $400 3
Jesse Jackson

Grant
    $400 7
Arizona State

Triple Stumper
    $400 20
(1 of) Ethiopia, Eritrea & Egypt

Grant
    $400 17
the Secret Service

Amanda
    $400 29
(Amanda: What is a Golden Hind?)

Aries

Amanda
Triple Stumper
    $400 9
Ivan

Heather
    $1,000 4
(Grant: What is the Declaration of Independence?)

the Mayflower Compact

Grant
    $600 13
American Pie

Grant
    $600 21
Paris

Grant
    $600 18
(Grant: Who is the president?)

the Treasurer

GrantAmanda
    $600 26
Taurus

Heather
    $600 10
an adjective

Amanda
    $800 5
General MacArthur

Amanda
    $800 14
Old School

Amanda
    $800 22
Phnom Penh

Grant
    $800 24
green & black

Heather
    $800 27
Libra

Grant
    $800 11
a carnivore

Heather
    $1000 6
Napoleon

Triple Stumper
    $1000 15
The Freshman

Triple Stumper
    $1000 23
(Grant: What is Afghanistan?)

(Heather: What is Nepal?)

Malaysia

HeatherGrant
Triple Stumper
    $1000 25
eagles

Amanda
    $1000 28
Capricorn

Triple Stumper
    $1000 12
a diva

Heather

Scores at the first commercial break (after clue 15):

Heather Grant Amanda
$2,400 $200 $2,400

Scores at the end of the Jeopardy! Round:

Heather Grant Amanda
$3,000 $1,000 $4,400

Double Jeopardy! Round responses

THE FIFTH CENTURY
BROADWAY MUSICALS
THE DEANS LIST
LATIN
AMERICAN LIT
THE IVY LEAGUE
    $400 6
the Saxons

Amanda
    $400 10
Antonio Banderas

Amanda
    $400 16
James Dean

Grant
    $400 7
time flies

Grant
    $400 1
On the Road

Grant
    $400 13
3

Grant
    $800 8
Alexandria

Amanda
    $800 15
The Producers

Amanda
    $800 17
North Carolina

Grant
    $800 22
buyer beware

Amanda
    $2,000 2
The Sound and the Fury

Grant
    $800 14
poison ivy

Grant
    $1200 9
Mary

Heather
    $1200 21
(Grant: What is Rent?)

Aida

GrantAmanda
    $1200 18
Richard Nixon

Amanda
    $1200 23
love conquers all

Amanda
    $1200 3
An American Tragedy

Grant
    $1200 24
(Grant: What is a perennial?)

evergreen

GrantAmanda
    $2,000 11
St. Patrick

Amanda
    $1600 27
(Amanda: What is Hair?)

Hairspray

Amanda
Triple Stumper
    $1600 19
Howard Dean

Grant
    $1600 25
deus ex machina

Grant
    $1600 4
Daisy Miller

Grant
    $1600 29
helix

Grant
    $2000 12
(Grant: Who is Ulrich?)

Attila

GrantAmanda
    $2000 28
Gypsy

Amanda
    $2000 20
Secretary of State

Grant
    $2000 26
(Grant: What is artificial?)

in vitro

HeatherGrant
    $2000 5
Winesburg, Ohio

Grant
    $2000 30
(Amanda: What is Texas?)

Virginia

Amanda
Triple Stumper

Scores at the end of the Double Jeopardy! Round:

Heather Grant Amanda
$6,200 $11,400 $14,800

Final Jeopardy! Round responses

STATE CAPITALS
[Grant had a squiggle after "Boise" that looked more like an ampersand than a question mark.]
HeatherWhat is Boise and S Salem?
$6,000
GrantWhat is Boise &
$3,401
AmandaWhat is
$14,000
(2 of) Boise, Salem & Dover

Final scores:

Heather Grant Amanda
$12,200 $7,999 $800
Automatic semifinalist 2nd place: $2,500 if eliminated 3rd place: $2,500 if eliminated

Game dynamics:

Coryat scores:

Heather Grant Amanda
$6,200 $11,200 $14,400
9 R,
1 W
21 R
(including 1 DD),
8 W
(including 1 DD)
21 R
(including 1 DD),
3 W

Combined Coryat: $31,800

The J! Archive is created by fans, for fans. The Jeopardy! game show and all elements thereof, including but not limited to copyright and trademark thereto, are the property of Jeopardy Productions, Inc. and are protected under law. This website is not affiliated with, sponsored by, or operated by Jeopardy Productions, Inc. Join the discussion at JBoard.tv.